| 000 | 00667cam a22002291 4500 | ||
|---|---|---|---|
| 001 | ne 63000179 | ||
| 003 | DLC | ||
| 005 | 20260227111740.0 | ||
| 008 | 811028s1961 ua a 000 0 ararc | ||
| 010 | _ane 63000179 | ||
| 025 | _aPL480:UAR-1250 | ||
| 035 | _a(OCoLC)7887415 | ||
| 040 |
_aPrinceton Univ. Libr. _cTU _dTU _dDLC |
||
| 042 | _apremarc | ||
| 050 | 0 | 0 |
_aPJ6171 _b.H3 |
| 100 | 1 | _aḤamīd, Budayr Mitwallī. | |
| 245 | 1 | 0 |
_aMīzān al-shiʻr, _cli-Badīr Mitwallī Ḥamīd. |
| 250 | _a[al-ṭabʻah al-ūlā] | ||
| 260 |
_aal-Qāhirah, _bDār al-maʻrifah. _c[1961] |
||
| 300 |
_a172 p. _bdiagrs. _c21 cm. |
||
| 650 | 0 |
_aArabic language _xVersification. |
|
| 999 |
_c45487 _d45487 |
||